000 00940nam a2200301 i 4500
003 DO-SdBNP
005 20251103074625.0
007 ta
008 251103b2012 dr ||||| |||| 00| 0 spa d
020 _a999347505X
040 _aDO-SdBNP
_bspa
_cBNPHU
_erda
041 _aspa
082 4 _aRD863.44
_bG216ru 2012
_222
100 _aGarcía Romero, Rafael,
_d1957-
_eautor
_4aut.
_91671
245 1 0 _aRuinas /
_cRafael García Romero.
250 _aDecimo sexta edición
264 1 _aSanto Domingo :
_bEditorial Doble Infinito,
_c2012.
300 _a195 páginas ;
_c23 cm.
336 _atexto
_btxt
_2rdacontent
337 _asin mediación
_bn
_2rdamedia
338 _avolumen
_bnc
_2rdacarrier
500 _aIncluye datos biográficos del autor en la solapa de la cubierta
590 _aInventariado, 2025/BT
650 4 _aCuentos dominicanos
_9176
650 4 _aLiteratura dominicana.
_967
910 _aBtavárez
942 _2ddc
_cLBS1
999 _c59996
_d59996